| 000 | 00524nam a2200169 4500 | ||
|---|---|---|---|
| 008 | s2004 fr fre u | ||
| 040 | _aLB-BrCRDP | ||
| 082 | 1 |
_aC. M-G _bBai |
|
| 100 | 1 | _aDe Bailliencourt, Laure | |
| 245 | 1 | 0 |
_aCahier soleil maternelle _bDe la moyenne à la grande section _cLaure De Bailliencourt |
| 260 |
_aParis _bNathan _c2004 |
||
| 490 | 1 | _aCahier Soleil | |
| 630 | 4 | _aActivité manuelle | |
| 830 | 0 |
_aCahier Soleil _pMaternelle |
|
| 942 | _cBK | ||
| 999 |
_c7753 _d7753 |
||